| 000 -LEADER |
| fixed length control field |
00649nam a22001937a 4500 |
| 020 ## - INTERNATIONAL STANDARD BOOK NUMBER |
| ISBN |
9781032410166 |
| 082 ## - DEWEY DECIMAL CLASSIFICATION NUMBER |
| Classification number |
361 |
| Item number |
P6242 2024 |
| 100 ## - MAIN ENTRY--AUTHOR NAME |
| Personal name |
Pierson, John H., author. |
| 245 ## - TITLE STATEMENT |
| Title |
Tackling poverty and social exclusion : promoting social justice in social work / John H. Pierson. |
| 250 ## - EDITION STATEMENT |
| Edition statement |
Fourth edition. |
| 260 ## - PUBLICATION, DISTRIBUTION, ETC. (IMPRINT) |
| Place of publication |
|Abingdon, Oxon ; New York, NY : |
| Name of publisher |
Routledge, |
| Year of publication |
© 2024. |
| 300 ## - PHYSICAL DESCRIPTION |
| Number of Pages |
1 online resource, 209 pages : |
| Other physical details |
illustrations. |
| 500 ## - GENERAL NOTE |
| General note |
Includes bibliographical references and index. |
| 650 ## - SUBJECT ADDED ENTRY--TOPICAL TERM |
| Topical Term |
Social service. |
| 650 ## - SUBJECT ADDED ENTRY--TOPICAL TERM |
| Topical Term |
Marginality, Social. |
| 650 ## - SUBJECT ADDED ENTRY--TOPICAL TERM |
| Topical Term |
Poor. |
| 650 ## - SUBJECT ADDED ENTRY--TOPICAL TERM |
| Topical Term |
Social Justice. |
| 942 ## - ADDED ENTRY ELEMENTS (KOHA) |
| Koha item type |
Electronic Books |